000 01246nam a2200313 i 4500
001 768714001
003 CO-MdFUSB
005 20220228123829.0
007 ta
008 220228t2017 -us |||| |||| 00| 0 eng d
020 _a978783681747
040 _aCO-MdFUSB
_bspa
_cCO-MdFUSB
_dCO-MdFUSBC
_erda
041 _aeng
082 _223
_a283.675092
_bM449
100 _aMaule, Joshua,
_eautor
245 1 _aIsesomo :
_bGod's Servant in Congo
_c/ Joshua Maule
264 1 _aEstados Unidos :
_bLangham Global Library,
_c[2017]
264 4 _c© 2017
300 _a78 páginas
_c; 23 cm
336 _2rdacontent
_atexto
_btxt
337 _2rdamedia
_asin mediación
_bn
338 _2rdacarrier
_avolumen
_bnc
505 _aCubrir; Contenido; Introducción. -- A la refriega. -- Yesu azali awa na biso (Jesús está aquí con nosotros) -- Nuevos Nacimientos para Butembo. -- Misioneros, Obispos y Bombas. -- Evangelismo y pacificación. -- Guerra. -- Ya no es neutral. -- Una Iglesia en Crisis. -- Escuela Episcopal. -- ¿Eres parte del problema o de la solución? -- Ropa Nueva, Mismo Hombre.
563 _aRústico
653 _aComunión Anglicana -- Obispos -- Biografía.
942 _cBK
945 _aJTF-925
999 _c67341
_d67341